00930nam a2200181 a 450000100100000000500170001000800410002702000150006804000250008324502110010826001190031930000360043850000210047470000530049571000780054895201050062699900170073100004273020201002040344.0140206s1994 sp a 001 0 spa d a8481813339 aDO-SdBNPbspacBNPHU00aCreadores del libro. Del Medievo al Renacimiento :bSala de Exposiciones de la Fundación Central Hispano: 28 de septiembre-20 de noviembre, 1994 /cedición a cargo de José María Fernández Catón. aMadrid :bMinisterio de Cultura, Dirección General del Libro y Bibliotecas : Fundación Central Hispano,c1994. a240 p. :bil., lám. ;c30 cm.1 aIncluye índice1 aFernández Catón, José María,eed.9700472 aMinisterio de Cultura, Dirección General del Libro y Bibliotecas970048 001050718MOaGRbGRcCTd2014-02-06iLF1l0o p42730-10r2020-06-25w2020-06-25y1ZNo se presta c42219d42219